Proyectos de leyes convenientes y necesarias para resolver el problema de Marruecos en sus distintos aspectos administrativo, comercial, colonial y militar (Record no. 123128)
[ view plain ]
| 000 -LEADER | |
|---|---|
| campo de control de longitud fija | 00809nam a2200181 i 4500 |
| 001 - NÚMERO DE CONTROL | |
| campo de control | 123128 |
| 003 - IDENTIFICADOR DE NÚMERO DE CONTROL | |
| campo de control | ES-MaACL |
| 005 - FECHA Y HORA DE LA ÚLTIMA TRANSACCIÓN | |
| campo de control | 20230906192121.0 |
| 007 - CAMPO FIJO DE DESCRIPCIÓN FÍSICA--INFORMACIÓN GENERAL | |
| campo de control de longitud fija | t| |
| 008 - DATOS DE LONGITUD FIJA--INFORMACIÓN GENERAL | |
| campo de control de longitud fija | 070214q1931 sp r ||||0| spa d |
| 245 00 - MENCIÓN DEL TÍTULO | |
| Título | Proyectos de leyes convenientes y necesarias para resolver el problema de Marruecos en sus distintos aspectos administrativo, comercial, colonial y militar |
| Resto del título | : reformas o abandono. |
| 260 ## - PUBLICACIÓN, DISTRIBUCIÓN, ETC. | |
| Lugar de publicación, distribución, etc. | Barcelona : |
| Nombre del editor, distribuidor, etc. | [s. n.], |
| Fecha de publicación, distribución, etc. | [1931?] ( |
| Fabricante | Imp. de la revista "España en África") |
| 300 ## - DESCRIPCIÓN FÍSICA | |
| Extensión | 32 p : |
| Otras características físicas | il ; |
| Dimensiones | 31 cm. |
| 594 ## - Nota al título y mención de responsabilidad | |
| Nota al título y mención de responsabilidad | Precede al tít.: Centros Comerciales Hispano Marroquíes (fundados en 1904); Revista "España en Marruecos" (fundada en 1903) |
| 650 #4 - PUNTO DE ACCESO ADICIONAL DE MATERIA--TÉRMINO DE MATERIA | |
| Término de materia o nombre geográfico como elemento de entrada | Derecho colonial- |
| Subdivisión geográfica | Marruecos. |
| 9 (RLIN) | 159153 |
| 651 #4 - PUNTO DE ACCESO ADICIONAL DE MATERIA--NOMBRE GEOGRÁFICO | |
| Nombre geográfico | Marruecos- |
| Subdivisión general | Administración. |
| 9 (RLIN) | 159154 |
| 852 ## - LOCALIZACIÓN | |
| Ubicación | ES-MaACL |
| Número de control de estantería | 1755-F-15 |
| Estatus retirado | Estado de pérdida | Estado de daño | No para préstamo | Colección | Biblioteca de origen | Biblioteca actual | Ubicación en estantería | Fecha de adquisición | Fuente de adquisición | Total de préstamos | Signatura topográfica completa | Código de barras | Visto por última vez | Precio de reemplazo | Tipo de ítem Koha |
|---|---|---|---|---|---|---|---|---|---|---|---|---|---|---|---|
| Colección de folletos | Biblioteca del Ateneo de Madrid | Biblioteca del Ateneo de Madrid | Depósito folletos | 17/01/2008 | 1755-F-15 | 1128299 | 23/02/2023 | 23/02/2023 | Folleto |
